Welcome to CU Library Online Public Access Catalogue (OPAC)

Fundamentals of differential equations. (Record no. 1470)

MARC details
000 -LEADER
fixed length control field 00721cam a2200217 a 4500
001 - CONTROL NUMBER
control field 2086458
005 - DATE AND TIME OF LATEST TRANSACTION
control field 20241122171802.0
008 - FIXED-LENGTH DATA ELEMENTS--GENERAL INFORMATION
fixed length control field 950216s1996 maua b 001 0 eng
020 ## - INTERNATIONAL STANDARD BOOK NUMBER
International Standard Book Number 978201808759
050 00 - LIBRARY OF CONGRESS CALL NUMBER
Classification number QA371
Item number .N24 1996
082 00 - DEWEY DECIMAL CLASSIFICATION NUMBER
Classification number 515/.35
Edition information 20
100 1# - MAIN ENTRY--PERSONAL NAME
Personal name Nagle, R. Kent.
245 10 - TITLE STATEMENT
Title Fundamentals of differential equations.
250 ## - EDITION STATEMENT
Edition statement 4th ed. /
Remainder of edition statement R. Kent Nagle & Edward B. Saff ; with contributions by A.D. Snider.
260 ## - PUBLICATION, DISTRIBUTION, ETC.
Place of publication, distribution, etc. Reading, Mass. :
Name of publisher, distributor, etc. Addison-Wesley Pub. Co.,
Date of publication, distribution, etc. c1996.
300 ## - PHYSICAL DESCRIPTION
Extent xx, 657, 10, 28, 4 p. :
Other physical details ill. (some col.) ;
Dimensions 24 cm.
650 #0 - SUBJECT ADDED ENTRY--TOPICAL TERM
Topical term or geographic name entry element Differential equations.
700 1# - ADDED ENTRY--PERSONAL NAME
Personal name Saff, E. B.,
Dates associated with a name 1944-
700 1# - ADDED ENTRY--PERSONAL NAME
Personal name Snider, Arthur David,
Dates associated with a name 1940-
942 ## - ADDED ENTRY ELEMENTS (KOHA)
Source of classification or shelving scheme Library of Congress Classification
Koha item type Books
Edition 4th ed.
Suppress in OPAC No
999 ## -
-- 1470
-- 1470
Holdings
Withdrawn status Lost status Source of classification or shelving scheme Damaged status Not for loan Collection Home library Current library Shelving location Date acquired Total checkouts Full call number Barcode Date last seen Copy number Price effective from Koha item type
    Library of Congress Classification     Non-fiction Science Library (Miotso) Science Library (Miotso) General stacks 11/22/2024   QA371 .N24 NAG SLM00000773 11/22/2024 1 11/22/2024 Books
© 2023-2024 Copyright: Central University Libraries. All Rights Reserved | Created by: Mahone Tech Office